Costumes of Indian Tribes (Record no. 11581)

MARC details
000 -LEADER
fixed length control field 00429nam a22001697a 4500
003 - CONTROL NUMBER IDENTIFIER
control field OSt
008 - FIXED-LENGTH DATA ELEMENTS--GENERAL INFORMATION
fixed length control field 221108b ||||| |||| 00| 0 eng d
020 ## - INTERNATIONAL STANDARD BOOK NUMBER
International Standard Book Number 9788183567589
082 ## - DEWEY DECIMAL CLASSIFICATION NUMBER
Classification number 391.020954 MEC
100 ## - MAIN ENTRY--PERSONAL NAME
Personal name MEHTA, Prakash Chandra, Ed.
245 ## - TITLE STATEMENT
Title Costumes of Indian Tribes
250 ## - EDITION STATEMENT
Edition statement 1st
260 ## - PUBLICATION, DISTRIBUTION, ETC. (IMPRINT)
Place of publication, distribution, etc New Delhi
Name of publisher, distributor, etc Discovery Publishing House Pvt. Ltd.
Date of publication, distribution, etc 2011
300 ## - PHYSICAL DESCRIPTION
Extent 149 p.
650 ## - SUBJECT ADDED ENTRY--TOPICAL TERM
Topical term or geographic name as entry element BFAD
942 ## - ADDED ENTRY ELEMENTS (KOHA)
Source of classification or shelving scheme Dewey Decimal Classification
Koha item type Text Books
Holdings
Withdrawn status Lost status Source of classification or shelving scheme Damaged status Not for loan Collection code Home library Current library Date acquired Source of acquisition Currency Cost, normal purchase price Bill Number Total Checkouts Full call number Acc. no. / Barcode Date last seen Actual Cost, discounted price Bill Date Koha item type
    Dewey Decimal Classification     Bachelor of Fashion and Apparel Design PIET NCR College Library PIET NCR College Library 01/11/2022 Kirti Prakashan IN Rupees 550.00 IN1361   391.020954 MEC N3131 08/11/2022 357.50 01/11/2022 Reference Books
    Dewey Decimal Classification     Bachelor of Fashion and Apparel Design PIET NCR College Library PIET NCR College Library 01/11/2022 Kirti Prakashan IN Rupees 550.00 IN1361   391.020954 MEC N3132 08/11/2022 357.50 01/11/2022 Text Books
    Dewey Decimal Classification     Bachelor of Fashion and Apparel Design PIET NCR College Library PIET NCR College Library 01/11/2022 Kirti Prakashan IN Rupees 550.00 IN1361   391.020954 MEC N3133 08/11/2022 357.50 01/11/2022 Text Books
    Dewey Decimal Classification     Bachelor of Fashion and Apparel Design PIET NCR College Library PIET NCR College Library 01/11/2022 Kirti Prakashan IN Rupees 550.00 IN1361   391.020954 MEC N3134 08/11/2022 357.50 01/11/2022 Text Books

Design & Developed by: PIET Central Library
R70 Miles Stone Pattikalyana Samalkha Panipat 132102
mail ID :- [email protected], Phone No:- 0180-2569700 Ex.216